Adams and Victor's principles of neurology / (Record no. 250)
[ view plain ]
| 000 -LEADER | |
|---|---|
| fixed length control field | 01537cam a22004218i 4500 |
| 005 - DATE AND TIME OF LATEST TRANSACTION | |
| control field | 20260322212012.0 |
| 008 - FIXED-LENGTH DATA ELEMENTS--GENERAL INFORMATION | |
| fixed length control field | data |
| 010 ## - LIBRARY OF CONGRESS CONTROL NUMBER | |
| LC control number | 2013048318 |
| 020 ## - INTERNATIONAL STANDARD BOOK NUMBER | |
| International Standard Book Number | 9780071794794 (hardcover : alk. paper) |
| 020 ## - INTERNATIONAL STANDARD BOOK NUMBER | |
| International Standard Book Number | 0071794794 (hardcover : alk. paper) |
| 020 ## - INTERNATIONAL STANDARD BOOK NUMBER | |
| International Standard Book Number | 0071794794 |
| 040 ## - CATALOGING SOURCE | |
| Original cataloging agency | DNLM |
| Language of cataloging | eng |
| Description conventions | rda |
| Transcribing agency | DNLM |
| 041 09 - LANGUAGE CODE | |
| Language code of text/sound track or separate title | eng |
| 042 ## - AUTHENTICATION CODE | |
| Authentication code | pcc |
| 044 ## - COUNTRY OF PUBLISHING/PRODUCING ENTITY CODE | |
| -- | United States |
| 060 10 - NATIONAL LIBRARY OF MEDICINE CALL NUMBER | |
| Classification number | WL 140 |
| 096 ## - LOCALLY ASSIGNED NLM-TYPE CALL NUMBER (OCLC) | |
| Classification number | WL 140 R785a 2014 |
| 001 - CONTROL NUMBER | |
| control field | data |
| 100 1# - MAIN ENTRY--PERSONAL NAME | |
| Personal name | Ropper, Allan H., |
| Relator term | author. |
| 245 10 - TITLE STATEMENT | |
| Title | Adams and Victor's principles of neurology / |
| Statement of responsibility, etc. | Allan H. Ropper, Martin A. Samuels & Joshua Klein. |
| 246 1# - VARYING FORM OF TITLE | |
| Title proper/short title | Principles of neurology |
| 250 ## - EDITION STATEMENT | |
| Edition statement | Tenth edition. |
| 260 ## - PUBLICATION, DISTRIBUTION, ETC. | |
| Name of publisher, distributor, etc. | McGraw Hill |
| Date of publication, distribution, etc. | 2014 |
| 263 ## - PROJECTED PUBLICATION DATE | |
| Projected publication date | 1404 |
| 264 #1 - PRODUCTION, PUBLICATION, DISTRIBUTION, MANUFACTURE, AND COPYRIGHT NOTICE | |
| Place of production, publication, distribution, manufacture | New York : |
| Name of producer, publisher, distributor, manufacturer | McGraw-Hill Education Medical, |
| Date of production, publication, distribution, manufacture, or copyright notice | [2014] |
| 336 ## - CONTENT TYPE | |
| Content type term | text |
| Source | rdacontent |
| 337 ## - MEDIA TYPE | |
| Media type term | unmediated |
| Source | rdamedia |
| 338 ## - CARRIER TYPE | |
| Carrier type term | volume |
| Source | rdacarrier |
| 500 ## - GENERAL NOTE | |
| General note | Preceded by Adams and Victor's principles of neurology / Allan H. Ropper, Martin A. Samuels. 9th ed. c2009. |
| 504 ## - BIBLIOGRAPHY, ETC. NOTE | |
| Bibliography, etc. note | Includes bibliographical references and index. |
| 650 12 - SUBJECT ADDED ENTRY--TOPICAL TERM | |
| Topical term or geographic name entry element | Nervous System Diseases |
| 650 22 - SUBJECT ADDED ENTRY--TOPICAL TERM | |
| Topical term or geographic name entry element | Mental Disorders |
| 650 22 - SUBJECT ADDED ENTRY--TOPICAL TERM | |
| Topical term or geographic name entry element | Neurologic Manifestations |
| 700 1# - ADDED ENTRY--PERSONAL NAME | |
| Personal name | Samuels, Martin A., |
| Relator term | author. |
| 700 1# - ADDED ENTRY--PERSONAL NAME | |
| Personal name | Klein, Joshua, |
| Relator term | author. |
| 856 40 - ELECTRONIC LOCATION AND ACCESS | |
| Uniform Resource Identifier | <a href="http://accessmedicine.mhmedical.com/book.aspx?bookid=690">http://accessmedicine.mhmedical.com/book.aspx?bookid=690</a> |
| Link text | AccessMedicine |
| 994 ## - | |
| -- | [CDN] |
| -- | [date: YYYYMMDD]***To be added at rev. CIP process |
| Withdrawn status | Lost status | Damaged status | Not for loan | Home library | Current library | Shelving location | Date acquired | Total checkouts | Full call number | Barcode | Date last seen | Price effective from | Koha item type |
|---|---|---|---|---|---|---|---|---|---|---|---|---|---|
| Riverside | Riverside | General stacks | 22/03/2026 | GEN | BC0010259 | 22/03/2026 | 22/03/2026 | Books |